000 00758nam a2200241 a 4500
999 _c1224
_d1224
008 191211t2003 xxua|||g |||| 001 0 eng d
020 _a9780130888525
_cRs. 11133.00
040 _aKO
_beng
041 0 _aeng
044 _axxu
082 0 4 _223
_a658.47
_bF6287
100 1 _aFleisher, Craig S.
245 1 0 _aStrategic and Competitive Analysis :
_bmethods and techniques for analyzing business competition /
_cCraig S. Fleisher and Babette E. Bensoussan
260 _aNew Jersey :
_bPearson Education ,
_c2003.
300 _axxii, 457 p. :
_bill. ;
_c26 cm.
504 _aIncludes Index.
650 0 _aStrategic planning
650 0 _aBusiness intelligence
700 _aBensoussan, Babette E.
_eaut
904 _aA_BOSE
942 _cBK